000 00837nam a22001817a 4500
001 10106
003 FISKH
005 20260408161403.0
008 260408b cb ||||| |||| 00| 0 eng d
040 _aFISKH
_bchi
_cFISKH
_dFISKH
082 _a895.1
100 _a宫西达也
245 _a小龙查理和公主 /
_cBy 宫西达也
300 _a46 unnumbered pages :
_bcolor illustrations ;
_c38 cm .
520 _a《小龙查理和公主》讲述了小龙查理与一位公主之间发生的温馨故事。查理虽然是一只小龙,但内心善良、勇敢。在与公主的相处中,他学会了关心他人、理解友情的重要性,也逐渐变得更加自信。 故事通过简单有趣的情节,传递了善良、勇气与友谊的主题,非常适合儿童阅读。
942 _2ddc
_cBOOK
_n0
999 _c10106
_d10106